000 00607nam a2200205Ia 4500
005 20260601193247.0
008 260601s9999||||xx |||||||||||||| ||und||
020 _a978-3-031-58222-6
_qebk
100 _aYunqian Wen
245 0 _aFace De-identification: Safeguarding Identities in the Digital Era
250 _a2024
260 _aHeidelberg, Germany
_bSpringer Nature
_c2024
650 _aComputer Science
700 _aBo Liu
700 _aJingyi Cao
700 _aLi Song
700 _aRong Xie
856 _uhttps://link.springer.com/openurl?genre=book&isbn=978-3-031-58222-6
942 _cEB
_2ddc
999 _c56609
_d56609